<?xml version="1.0" encoding="UTF-8"?>
<record
    xmlns:xsi="http://www.w3.org/2001/XMLSchema-instance"
    xsi:schemaLocation="http://www.loc.gov/MARC21/slim http://www.loc.gov/standards/marcxml/schema/MARC21slim.xsd"
    xmlns="http://www.loc.gov/MARC21/slim">

  <leader>01671nam a22002537a 4500</leader>
  <datafield tag="999" ind1=" " ind2=" ">
    <subfield code="c">62078</subfield>
    <subfield code="d">62078</subfield>
  </datafield>
  <controlfield tag="003">Ge_BSU</controlfield>
  <controlfield tag="005">20240704122948.0</controlfield>
  <controlfield tag="008">240704s2019    ge ||||| |||| 00| 0 geo d</controlfield>
  <datafield tag="020" ind1=" " ind2=" ">
    <subfield code="a">9789941136351</subfield>
  </datafield>
  <datafield tag="041" ind1=" " ind2=" ">
    <subfield code="a">geo</subfield>
  </datafield>
  <datafield tag="080" ind1=" " ind2=" ">
    <subfield code="a">005(075.8)&#x10E0;-71</subfield>
  </datafield>
  <datafield tag="100" ind1=" " ind2=" ">
    <subfield code="a">&#x10E0;&#x10DD;&#x10D1;&#x10D8;&#x10DC;&#x10E1;&#x10D8;, &#x10E1;&#x10E2;&#x10D4;&#x10E4;&#x10D4;&#x10DC;, &#x10D0;&#x10D5;&#x10E2;&#x10DD;&#x10E0;&#x10D8;.</subfield>
    <subfield code="9">22706</subfield>
  </datafield>
  <datafield tag="245" ind1=" " ind2=" ">
    <subfield code="a">&#x10DB;&#x10D4;&#x10DC;&#x10D4;&#x10EF;&#x10DB;&#x10D4;&#x10DC;&#x10E2;&#x10D8; :</subfield>
    <subfield code="b"> [&#x10E1;&#x10D0;&#x10EE;&#x10D4;&#x10DA;&#x10DB;&#x10EB;&#x10E6;&#x10D5;&#x10D0;&#x10DC;&#x10D4;&#x10DA;&#x10DD;] / </subfield>
    <subfield code="c"> &#x10E1;&#x10E2;&#x10D4;&#x10E4;&#x10D4;&#x10DC; &#x10DE;. &#x10E0;&#x10DD;&#x10D1;&#x10D8;&#x10DC;&#x10E1;&#x10D8;, &#x10DB;&#x10D0;&#x10E0;&#x10D8; &#x10D9;&#x10DD;&#x10E3;&#x10DA;&#x10E2;&#x10D4;&#x10E0;&#x10D8; ; &#x10DB;&#x10D7;&#x10D0;&#x10E0;&#x10D2;&#x10DB;&#x10DC;&#x10D4;&#x10DA;&#x10D4;&#x10D1;&#x10D8;: &#x10D3;&#x10D0;&#x10D5;&#x10D8;&#x10D7; &#x10DC;&#x10D0;&#x10E0;&#x10DB;&#x10D0;&#x10DC;&#x10D8;&#x10D0; (&#x10E1;&#x10D0;&#x10DB;&#x10D4;&#x10EA;&#x10DC;&#x10D8;&#x10D4;&#x10E0;&#x10DD; &#x10E0;&#x10D4;&#x10D3;&#x10D0;&#x10E5;&#x10E2;&#x10DD;&#x10E0;&#x10D8;), &#x10DC;&#x10E3;&#x10D2;&#x10D6;&#x10D0;&#x10E0; &#x10DE;&#x10D0;&#x10D8;&#x10ED;&#x10D0;&#x10EB;&#x10D4; (&#x10E0;&#x10D4;&#x10D3;&#x10D0;&#x10E5;&#x10E2;&#x10DD;&#x10E0;&#x10D8;), &#x10D7;&#x10D4;&#x10DB;&#x10E3;&#x10E0; &#x10EE;&#x10DD;&#x10DB;&#x10D4;&#x10E0;&#x10D8;&#x10D9;&#x10D8; (&#x10E0;&#x10D4;&#x10D3;&#x10D0;&#x10E5;&#x10E2;&#x10DD;&#x10E0;&#x10D8;) [&#x10D3;&#x10D0; &#x10E1;&#x10EE;&#x10D5;&#x10D0;].</subfield>
  </datafield>
  <datafield tag="250" ind1=" " ind2=" ">
    <subfield code="a">&#x10DB;&#x10D4;-12 &#x10D2;&#x10D0;&#x10DB;&#x10DD;&#x10EA;&#x10D4;&#x10DB;&#x10D0;</subfield>
  </datafield>
  <datafield tag="264" ind1=" " ind2=" ">
    <subfield code="a">&#x10D7;&#x10D1;&#x10D8;&#x10DA;&#x10D8;&#x10E1;&#x10D8; :</subfield>
    <subfield code="b">&#x10D7;&#x10D1;&#x10D8;&#x10DA;&#x10D8;&#x10E1;&#x10D8;&#x10E1; &#x10E3;&#x10DC;&#x10D8;&#x10D5;&#x10D4;&#x10E0;&#x10E1;&#x10D8;&#x10E2;&#x10D4;&#x10E2;&#x10D8;&#x10E1; &#x10D2;&#x10D0;&#x10DB;&#x10DD;&#x10DB;&#x10EA;&#x10D4;&#x10DB;&#x10DA;&#x10DD;&#x10D1;&#x10D0;,</subfield>
    <subfield code="c">2019.</subfield>
  </datafield>
  <datafield tag="300" ind1=" " ind2=" ">
    <subfield code="a">798 &#x10D2;&#x10D5;. :</subfield>
    <subfield code="b">&#x10D8;&#x10DA;. ; </subfield>
    <subfield code="c">28 &#x10E1;&#x10DB;.</subfield>
  </datafield>
  <datafield tag="501" ind1=" " ind2=" ">
    <subfield code="a">&#x10E8;&#x10D4;&#x10DC;&#x10D8;&#x10E8;&#x10D5;&#x10DC;&#x10D4;&#x10D1;&#x10D8;: &#x10D2;&#x10D5;. 708-766.&#x10E2;&#x10D4;&#x10E0;&#x10DB;&#x10D8;&#x10DC;&#x10D7;&#x10D0; &#x10D2;&#x10D0;&#x10DC;&#x10DB;&#x10D0;&#x10E0;&#x10E2;&#x10D4;&#x10D1;&#x10D0;: &#x10D2;&#x10D5; . 767-787.
&#x10E1;&#x10D0;&#x10EB;&#x10D8;&#x10D4;&#x10D1;&#x10DA;&#x10D4;&#x10D1;&#x10D8;: &#x10D2;&#x10D5;. 788-796.</subfield>
  </datafield>
  <datafield tag="546" ind1=" " ind2=" ">
    <subfield code="a">&#x10D7;&#x10D0;&#x10D5;&#x10E4;&#x10E3;&#x10E0;&#x10EA;&#x10DA;&#x10D8;&#x10E1; &#x10DB;&#x10D4;-3 &#x10D2;&#x10D5;&#x10D4;&#x10E0;&#x10D3;&#x10D8; &#x10D8;&#x10DC;&#x10D2;&#x10DA;&#x10D8;&#x10E1;&#x10E3;&#x10E0; &#x10D4;&#x10DC;&#x10D0;&#x10D6;&#x10D4;.</subfield>
  </datafield>
  <datafield tag="653" ind1=" " ind2=" ">
    <subfield code="a">&#x10DB;&#x10D4;&#x10DC;&#x10D4;&#x10EF;&#x10DB;&#x10D4;&#x10DC;&#x10E2;&#x10D8;</subfield>
  </datafield>
  <datafield tag="653" ind1=" " ind2=" ">
    <subfield code="a">Management </subfield>
  </datafield>
  <datafield tag="700" ind1=" " ind2=" ">
    <subfield code="a">&#x10D9;&#x10DD;&#x10E3;&#x10DA;&#x10E2;&#x10D4;&#x10E0;&#x10D8;, &#x10DB;&#x10D0;&#x10E0;&#x10D8;</subfield>
    <subfield code="9">22707</subfield>
  </datafield>
  <datafield tag="700" ind1=" " ind2=" ">
    <subfield code="a">&#x10DC;&#x10D0;&#x10E0;&#x10DB;&#x10D0;&#x10DC;&#x10D8;&#x10D0;, &#x10D3;&#x10D0;&#x10D5;&#x10D8;&#x10D7; &#x10D3;&#x10D0; &#x10E1;&#x10EE;&#x10D5;</subfield>
    <subfield code="e">&#x10DB;&#x10D7;&#x10D0;&#x10E0;&#x10D2;&#x10DB;&#x10DC;&#x10D4;&#x10DA;&#x10D8; </subfield>
    <subfield code="9">22708</subfield>
  </datafield>
  <datafield tag="942" ind1=" " ind2=" ">
    <subfield code="2">udc</subfield>
    <subfield code="c">&#x1CAC;&#x1C98;&#x1C92;&#x1C9C;&#x1C98;</subfield>
  </datafield>
  <datafield tag="952" ind1=" " ind2=" ">
    <subfield code="0">0</subfield>
    <subfield code="1">0</subfield>
    <subfield code="2">udc</subfield>
    <subfield code="4">0</subfield>
    <subfield code="6">0050758&#x10E0;71</subfield>
    <subfield code="7">0</subfield>
    <subfield code="9">99512</subfield>
    <subfield code="a">CPL</subfield>
    <subfield code="b">CPL</subfield>
    <subfield code="c">GEN</subfield>
    <subfield code="d">2024-07-04</subfield>
    <subfield code="g">182.00</subfield>
    <subfield code="o">005(075.8)&#x10E0;-71</subfield>
    <subfield code="p">68433</subfield>
    <subfield code="r">2024-07-04</subfield>
    <subfield code="t">68433</subfield>
    <subfield code="w">2024-07-04</subfield>
    <subfield code="y">&#x1CAC;&#x1C98;&#x1C92;&#x1C9C;&#x1C98;</subfield>
    <subfield code="z">182.00</subfield>
  </datafield>
  <datafield tag="952" ind1=" " ind2=" ">
    <subfield code="0">0</subfield>
    <subfield code="1">0</subfield>
    <subfield code="2">udc</subfield>
    <subfield code="4">0</subfield>
    <subfield code="6">0050758&#x10E0;71</subfield>
    <subfield code="7">0</subfield>
    <subfield code="9">99513</subfield>
    <subfield code="a">CPL</subfield>
    <subfield code="b">CPL</subfield>
    <subfield code="c">GEN</subfield>
    <subfield code="d">2024-07-04</subfield>
    <subfield code="g">182.00</subfield>
    <subfield code="o">005(075.8)&#x10E0;-71</subfield>
    <subfield code="p">68434</subfield>
    <subfield code="r">2024-07-04</subfield>
    <subfield code="t">68434</subfield>
    <subfield code="w">2024-07-04</subfield>
    <subfield code="y">&#x1CAC;&#x1C98;&#x1C92;&#x1C9C;&#x1C98;</subfield>
    <subfield code="z">182.00</subfield>
  </datafield>
  <datafield tag="952" ind1=" " ind2=" ">
    <subfield code="0">0</subfield>
    <subfield code="1">0</subfield>
    <subfield code="2">udc</subfield>
    <subfield code="4">0</subfield>
    <subfield code="6">0050758&#x10E0;71</subfield>
    <subfield code="7">0</subfield>
    <subfield code="9">99514</subfield>
    <subfield code="a">CPL</subfield>
    <subfield code="b">CPL</subfield>
    <subfield code="c">GEN</subfield>
    <subfield code="d">2024-07-04</subfield>
    <subfield code="g">182.00</subfield>
    <subfield code="o">005(075.8)&#x10E0;-71</subfield>
    <subfield code="p">68435</subfield>
    <subfield code="r">2024-07-04</subfield>
    <subfield code="t">68435</subfield>
    <subfield code="w">2024-07-04</subfield>
    <subfield code="y">&#x1CAC;&#x1C98;&#x1C92;&#x1C9C;&#x1C98;</subfield>
    <subfield code="z">182.00</subfield>
  </datafield>
  <datafield tag="952" ind1=" " ind2=" ">
    <subfield code="0">0</subfield>
    <subfield code="1">0</subfield>
    <subfield code="2">udc</subfield>
    <subfield code="4">0</subfield>
    <subfield code="6">0050758&#x10E0;71</subfield>
    <subfield code="7">0</subfield>
    <subfield code="9">99515</subfield>
    <subfield code="a">CPL</subfield>
    <subfield code="b">CPL</subfield>
    <subfield code="c">GEN</subfield>
    <subfield code="d">2024-07-04</subfield>
    <subfield code="g">182.00</subfield>
    <subfield code="o">005(075.8)&#x10E0;-71</subfield>
    <subfield code="p">68436</subfield>
    <subfield code="r">2024-07-04</subfield>
    <subfield code="t">68436</subfield>
    <subfield code="w">2024-07-04</subfield>
    <subfield code="y">&#x1CAC;&#x1C98;&#x1C92;&#x1C9C;&#x1C98;</subfield>
    <subfield code="z">182.00</subfield>
  </datafield>
</record>
